000 00507nam a2200181Ia 4500
005 20250317124628.0
008 008 250317s9999 xx 000 0 eng d
037 _aTextbook
040 _aFMSL
_beng
_cFMSL
041 _aeng
_2eng
084 _aX:8D:f P0
_qFMSL
100 _aJackson A L
_9742669
245 0 _aNew Millennium project
260 _aBoston
_bBoston, Credit Suisse
_c1999
300 _a740p
942 _cTB
_hX:8D:f P0
999 _c1256291
_d1256291